| 000 | 00691nam a2200253Ia 4500 | ||
|---|---|---|---|
| 008 | 161112s9999 xx 000 0 und d | ||
| 020 | _a978-0-600-61496-8 | ||
| 050 | _aCUL TX 840.B5 | ||
| 050 | _b.C76 2007 | ||
| 100 | _aCross, Amanda. | ||
| 245 | 0 | _aJuices and smoothies for kids : | |
| 245 | 0 | _bhealthy recipes that children will love / | |
| 245 | 0 | _cAmanda Cross. | |
| 260 | _aGreat Britain : | ||
| 260 | _bHamlyn, | ||
| 260 | _c2007 | ||
| 300 | _a128 pages : | ||
| 300 | _bcolor illustrations ; | ||
| 300 | _c26 cm. | ||
| 500 | _aIncludes index. | ||
| 650 | _aChildren -- Nutrition. | ||
| 650 | _aSmoothies (Beverages). | ||
| 650 | _xFruit juices -- Health aspects. | ||
| 999 |
_c305233 _d305233 |
||